La vida y la obra de un malagueño ilustre: D. José Ruiz-Borrego y Vilchez (Record no. 179099)

MARC details
000 -LEADER
campo de control de longitud fija 01482nam a2200301 i 4500
001 - NÚMERO DE CONTROL
campo de control 179099
003 - IDENTIFICADOR DE NÚMERO DE CONTROL
campo de control ES-MaACL
005 - FECHA Y HORA DE LA ÚLTIMA TRANSACCIÓN
campo de control 20230914191042.0
008 - DATOS DE LONGITUD FIJA--INFORMACIÓN GENERAL
campo de control de longitud fija 110908s2008 sp aco |||| |bspa d
020 ## - NÚMERO INTERNACIONAL ESTÁNDAR DEL LIBRO
Número Internacional Estándar del Libro 978-84-612-2252-0
080 ## - NÚMERO DE LA CLASIFICACIÓN DECIMAL UNIVERSAL
Número de la Clasificación Decimal Universal 929 Ruiz-Borrego y Vilchez, José
080 ## - NÚMERO DE LA CLASIFICACIÓN DECIMAL UNIVERSAL
Número de la Clasificación Decimal Universal 308(460.356 M.)"18/19"
080 ## - NÚMERO DE LA CLASIFICACIÓN DECIMAL UNIVERSAL
Número de la Clasificación Decimal Universal 7.061.22(460.356 M.)(091)
100 1# - ENTRADA PRINCIPAL--NOMBRE DE PERSONA
Nombre de persona Ruiz-Borrego Arrabal, Miguel.
9 (RLIN) 147864
245 13 - MENCIÓN DEL TÍTULO
Título La vida y la obra de un malagueño ilustre: D. José Ruiz-Borrego y Vilchez
Resto del título : recuerdo de una gloriosa institución cultural malagueña: la Academia de Declamación /
Mención de responsabilidad, etc. Miguel Ruiz-Borrego Arrabal.
260 ## - PUBLICACIÓN, DISTRIBUCIÓN, ETC.
Lugar de publicación, distribución, etc. [Málaga] :
Nombre del editor, distribuidor, etc. J.M. Parra de de Torres,
Fecha de publicación, distribución, etc. [2008] (
Fabricante Artigraf Málaga)
300 ## - DESCRIPCIÓN FÍSICA
Extensión 444 p. :
Otras características físicas il. col. y n., fot. ;
Dimensiones 25 cm.
500 ## - NOTA GENERAL
Nota general Anexos: Selección de artículos de prensa y programas (1868-1935). Prensa gráfica (1906-1927). Documentos (1872-1927). Epistolario (1869-1909)
504 ## - NOTA DE BIBLIOGRAFÍA, ETC.
Nota de bibliografía, etc. Bibliografía: p. 444.
600 17 - PUNTO DE ACCESO ADICIONAL DE MATERIA--NOMBRE DE PERSONA
Nombre de persona Ruiz-Borrego y Vilchez, José.
9 (RLIN) 147865
610 27 - PUNTO DE ACCESO ADICIONAL DE MATERIA--NOMBRE DE ENTIDAD CORPORATIVA
Nombre de entidad corporativa o nombre de jurisdicción como elemento de entrada Academia de Declamación y Bellas Letras de Málaga-
Subdivisión de forma Historia.
9 (RLIN) 147867
651 #7 - PUNTO DE ACCESO ADICIONAL DE MATERIA--NOMBRE GEOGRÁFICO
Nombre geográfico Málaga-
Subdivisión general Situación social-
Subdivisión de forma Historia.
9 (RLIN) 167830
852 ## - LOCALIZACIÓN
Ubicación ES-MaACL
itemnumber 185971
Sublocalización o colección R.145903
Número de control de estantería A-11489
Nota libre Dedicatoria autógrafa del autor
-- Donacion: Miguel Ruiz-Borrego Arrabal
Ubicación en estantería Depósito 1
Signatura antigua Olim: N-4493
903 ## - NOMBRE PERSONAL DE DONANTE
9 147864
a Ruiz-Borrego Arrabal, Miguel
e Donante
942 ## - ELEMENTOS DE ENTRADA SECUNDARIOS (KOHA)
Fuente del sistema de clasificación o colocación Clasificación decimal universal
Tipo de ítem Koha Libro impreso
Holdings
Estatus retirado Estado de pérdida Fuente del sistema de clasificación o colocación Estado de daño No para préstamo Colección Biblioteca de origen Biblioteca actual Ubicación en estantería Fecha de adquisición Fuente de adquisición Total de préstamos Signatura topográfica completa Código de barras Visto por última vez Precio de reemplazo Tipo de ítem Koha Nota pública
    Clasificación decimal universal     Libros con dedicatorias Biblioteca del Ateneo de Madrid Biblioteca del Ateneo de Madrid Depósito 1 08/09/2011 Donación   A-11489 1188135 23/02/2023 23/02/2023 Libro impreso Dedicatoria autógrafa del autor